000 00598nam a2200241Ia 4500
001 5743
003 11500
005 20241019062931.0
008 ||||||n9999 ||| || ||
041 _aspa
082 _220
_a341
110 2 _aOrganización de las Naciones Unidas
_9548
245 0 _aCarta de las naciones unidas y estatuto de la Corte Internacional de Justicia
260 _aEstados Unidos :
_bNAUNI,
_c1965.
300 _a98p
562 _e5
650 _aNACIONES UNIDAS
_910002
942 _cBKM
999 _c5743
_d5743
526 _a105630
526 _a1698
526 _a51868
526 _a1697